| 000 | 00694nam a2200229 a 4500 | ||
|---|---|---|---|
| 001 | 42199 | ||
| 003 | (BD-RJUL) | ||
| 005 | 20211209053515.0 | ||
| 008 | 160611s1962 enk b 000 0 eng | ||
| 035 | _a(BD-RJUL) 42317 | ||
| 040 |
_aDLC _cWSU _dm.c _dOCL _d(BD-RJUL) _beng |
||
| 041 | _aeng | ||
| 082 |
_223 _a327.73 _bPEA 1962 |
||
| 100 | 1 |
_aPerkins, Dexter, _d1889- _9129777 |
|
| 245 | 1 | 4 |
_aThe American approach to foreign policy / _cDexter Perkins |
| 250 | _aRev. ed. | ||
| 260 |
_aCambridge, Mass : _bHarvard University Press, _c1962 |
||
| 300 |
_avii, 247 p. ; _c22 cm. |
||
| 504 | _aIncludes bibliography | ||
| 651 | 0 |
_aUnited States _xForeign relations _9129778 |
|
| 942 |
_2ddc _cBK |
||
| 999 |
_c42199 _d42199 |
||